000
00306nam a22001337a 4500
020
_a
978-81-265-3223-0
041
_a
ENG
100
_a
Chipman.L.K
245
_a
Remote Sensing And Image Interpretation
260
_a
Delhi
_b
Wiley India
_c
1996
300
_a
756
650
_a
SWCE
856
_u
SWCE ( 43 )
999
_c
1972
_d
1972